| 000 | 01040cam a2200253 4500 | ||
|---|---|---|---|
| 001 | J122931 | ||
| 008 | 030326n2002 000 0 eng u | ||
| 035 | _a(Sirsi) u122931 | ||
| 041 | _aeng. | ||
| 050 |
_a624.08 _c18 |
||
| 110 |
_aAssociation of Consulting Engineers _91225 |
||
| 245 |
_aACE Agreement A(1) 2002 Civil/Structural Engineering _bLead Consultant |
||
| 260 |
_aLondon _bACE _c2002 |
||
| 300 |
_a34p. _c31cm. |
||
| 350 | _a24 | ||
| 520 | _aThis agreement is intended for use when appointing a consulting engineer as lead consultant for the provision of civil/structural engineering services. It should be used in conjunction with the guidance document A/B - 'ACE Agreements 2002 guidance' - a copy of which is included in the folder containing the agreement. | ||
| 650 | _aCIVIL ENGINEERING CONTRACTS | ||
| 650 | _aSTRUCTURAL ENGINEERING | ||
| 650 | _aCONSULTING ENGINEERS | ||
| 650 | _aDESIGN AND BUILD CONTRACTORS | ||
| 650 | _aLEAD CONSULTANTS | ||
| 690 | _aBUILDING AND CONSTRUCTION-ENGINEERING | ||
| 942 | _n0 | ||
| 999 |
_c102957 _d102957 |
||